| 000 | 01195nam a2200217Ia 4500 | ||
|---|---|---|---|
| 003 | Ost | ||
| 005 | 20260416102359.0 | ||
| 008 | 260416s9999||||xx |||||||||||||| ||und|| | ||
| 040 | _cfsecg | ||
| 041 | _aara | ||
| 082 | _a368 | ||
| 100 |
_aيوسفي، صلاح الدين _eمؤلف |
||
| 245 | 0 |
_aالتأمين الدولي : _bمطبوعة مقدمة لطلبة السنة الثالثة ليسانس LMD / _c صلاح الدين يوسفي |
|
| 260 |
_aالجزائر _bجامعة الجزائر3: كلية العلوم الإقتصادية، العلوم التجارية وعلوم التسيير _c2022 |
||
| 300 |
_a103 ورقة _bايضاحات _c30 سم |
||
| 504 | _aالمراجع ص.103 | ||
| 520 | _aمفهوم التأمين والخطر، أنواع التأمينات والمخاطر، الفاعلون في التأمين، التأمين الدولي، تأمينات النقل، تأمين الصادرات والواردات، أسواق التأمين. | ||
| 653 | _aالتأمين | ||
| 710 |
_aجامعة الجزائر3: كلية العلوم الإقتصادية، العلوم التجارية وعلوم التسيير _eناشر علمي |
||
| 942 | _cHANDOUT | ||
| 999 |
_c41357 _d41357 |
||